[Event "Team Championship (men blitz)"]
[Site "Sochi"]
[Date "2017.10.05"]
[Round "1.15"]
[White "Poliakov, Artem"]
[Black "Kovalev, Vladislav"]
[Result "0-1"]
[LiveChessVersion "1.4.8"]
[BlackElo "2527"]
[WhiteElo "2185"]

1. c4 {[%clk 0:03:03]} Nf6 {[%clk 0:03:04]} 2. Nc3 {[%clk 0:03:04]} g6
{[%clk 0:03:05]} 3. d4 Bg7 4. e4 d6 5. h3 {[%clk 0:03:06]} O-O {[%clk 0:03:09]}
6. Nf3 {[%clk 0:03:07]} e5 {[%clk 0:03:06]} 7. d5 {[%clk 0:03:08]} Nh5
{[%clk 0:03:06]} 8. g3 {[%clk 0:03:06]} Na6 {[%clk 0:03:03]} 9. Bg2
{[%clk 0:02:58]} Nc5 {[%clk 0:03:00]} 10. b4 {[%clk 0:02:58]} Nd7
{[%clk 0:03:01]} 11. Rb1 a5 12. a3 {[%clk 0:02:56]} axb4 {[%clk 0:03:04]} 13.
axb4 {[%clk 0:02:57]} f5 {[%clk 0:02:51]} 14. Ng5 {[%clk 0:02:58]} Ndf6
{[%clk 0:02:29]} 15. exf5 {[%clk 0:02:58]} gxf5 {[%clk 0:02:02]} 16. Ne6
{[%clk 0:02:59]} Bxe6 {[%clk 0:02:00]} 17. dxe6 {[%clk 0:03:00]} Qe8
{[%clk 0:01:30]} 18. Bxb7 {[%clk 0:02:52]} Qxe6 {[%clk 0:01:19]} 19. Nd5
{[%clk 0:01:37]} Rab8 {[%clk 0:01:16]} 20. Nxc7 {[%clk 0:01:36]} Qxc4
{[%clk 0:01:14]} 21. Bd5+ {[%clk 0:01:36]} Nxd5 {[%clk 0:01:15]} 22. Qxd5+
{[%clk 0:01:37]} Qxd5 {[%clk 0:01:16]} 23. Nxd5 {[%clk 0:01:37]} Nf6
{[%clk 0:01:13]} 24. Ne7+ {[%clk 0:01:38]} Kf7 {[%clk 0:01:11]} 25. Nxf5
{[%clk 0:01:38]} Rfd8 {[%clk 0:00:32]} 26. Bg5 {[%clk 0:01:20]} Bf8
{[%clk 0:00:27]} 27. Ke2 {[%clk 0:01:19]} Rd7 {[%clk 0:00:23]} 28. Rhd1
{[%clk 0:01:17]} Ne4 {[%clk 0:00:22]} 29. Be3 {[%clk 0:01:01]} Nc3+
{[%clk 0:00:15]} 30. Kd2 {[%clk 0:01:02]} Nxd1 {[%clk 0:00:14]} 31. Kxd1
{[%clk 0:01:03]} Ke6 {[%clk 0:00:15]} 32. g4 {[%clk 0:01:02]} Rdb7
{[%clk 0:00:16]} 33. Bd2 {[%clk 0:01:03]} d5 {[%clk 0:00:16]} 34. Rc1
{[%clk 0:00:41]} Rb6 {[%clk 0:00:16]} 35. Rc7 {[%clk 0:00:37]} R8b7
{[%clk 0:00:18]} 36. Rc8 {[%clk 0:00:38]} Bxb4 {[%clk 0:00:18]} 37. Bxb4
{[%clk 0:00:37]} Rxb4 {[%clk 0:00:20]} 38. Rc6+ {[%clk 0:00:38]} Kd7
{[%clk 0:00:13]} 39. Rd6+ {[%clk 0:00:39]} Kc8 {[%clk 0:00:06]} 40. Rxd5
{[%clk 0:00:40]} Rd7 {[%clk 0:00:06]} 41. Rxd7 {[%clk 0:00:39]} Kxd7
{[%clk 0:00:07]} 42. Ke2 {[%clk 0:00:40]} Ke6 {[%clk 0:00:08]} 43. f3
{[%clk 0:00:39]} Rb3 {[%clk 0:00:08]} 44. Kf2 {[%clk 0:00:39]} Ra3
{[%clk 0:00:08]} 45. Ng3 {[%clk 0:00:39]} Ra2+ {[%clk 0:00:09]} 46. Ke3
{[%clk 0:00:40]} Rh2 {[%clk 0:00:10]} 47. Ne4 {[%clk 0:00:40]} h6
{[%clk 0:00:10]} 48. g5 {[%clk 0:00:42]} Rxh3 {[%clk 0:00:09]} 49. gxh6
{[%clk 0:00:42]} Rxh6 {[%clk 0:00:10]} 50. Ng5+ {[%clk 0:00:43]} Kf5
{[%clk 0:00:11]} 51. Ne4 {[%clk 0:00:44]} Ra6 {[%clk 0:00:12]} 52. Ng3+
{[%clk 0:00:44]} Ke6 {[%clk 0:00:13]} 53. Nf1 {[%clk 0:00:26]} Ra3+
{[%clk 0:00:15]} 54. Ke2 {[%clk 0:00:27]} Kf5 {[%clk 0:00:11]} 55. Ng3+
{[%clk 0:00:24]} Kg5 {[%clk 0:00:08]} 56. Kf2 {[%clk 0:00:14]} Rb3
{[%clk 0:00:08]} 57. Ne2 {[%clk 0:00:12]} Kf5 {[%clk 0:00:07]} 58. Ng3+
{[%clk 0:00:13]} Ke6 {[%clk 0:00:08]} 59. Ke2 {[%clk 0:00:10]} Ra3
{[%clk 0:00:10]} 60. Ne4 {[%clk 0:00:10]} Kd5 {[%clk 0:00:09]} 61. Nf6+
{[%clk 0:00:05]} Kd4 {[%clk 0:00:10]} 62. Ng4 {[%clk 0:00:05]} Ra2+
{[%clk 0:00:12]} 63. Kf1 {[%clk 0:00:06]} Rb2 {[%clk 0:00:09]} 64. Kg1
{[%clk 0:00:07]} Kd5 {[%clk 0:00:09]} 65. Ne3+ {[%clk 0:00:07]} Ke6
{[%clk 0:00:10]} 66. Kf1 {[%clk 0:00:07]} Ra2 {[%clk 0:00:11]} 67. Ke1
{[%clk 0:00:08]} Kf6 {[%clk 0:00:12]} 68. Nd5+ {[%clk 0:00:08]} Kg5
{[%clk 0:00:10]} 69. Kf1 {[%clk 0:00:09]} Kh4 {[%clk 0:00:10]} 70. f4
{[%clk 0:00:07]} Ra5 {[%clk 0:00:05]} 71. Ne7 {[%clk 0:00:04]} exf4
{[%clk 0:00:06]} 72. Kf2 {[%clk 0:00:06]} Kg4 {[%clk 0:00:07]} 73. Nc6
{[%clk 0:00:07]} Ra2+ {[%clk 0:00:08]} 74. Kf1 {[%clk 0:00:08]} Kg3
{[%clk 0:00:09]} 75. Nb4 {[%clk 0:00:08]} Rf2+ {[%clk 0:00:07]} 76. Ke1
{[%clk 0:00:08]} Rh2 {[%clk 0:00:08]} 77. Nd5 {[%clk 0:00:05]} f3
{[%clk 0:00:09]} 78. Ne3 {[%clk 0:00:06]} Re2+ {[%clk 0:00:10]} 0-1

[Event "Team Championship (men blitz)"]
[Site "Sochi"]
[Date "2017.10.05"]
[Round "1.16"]
[White "Predke, Alexandr"]
[Black "Maltsevskaya, Aleksandra"]
[Result "1-0"]
[LiveChessVersion "1.4.8"]
[BlackElo "2203"]
[WhiteElo "2528"]

1. e4 {[%clk 0:03:03]} c5 {[%clk 0:03:03]} 2. Nf3 {[%clk 0:03:04]} e6
{[%clk 0:03:03]} 3. d4 {[%clk 0:03:02]} cxd4 {[%clk 0:03:04]} 4. Nxd4
{[%clk 0:03:03]} Nc6 {[%clk 0:03:04]} 5. Nc3 {[%clk 0:03:04]} a6 {[%clk 0:03:05]}
6. Bf4 {[%clk 0:03:05]} Nf6 {[%clk 0:02:54]} 7. e5 {[%clk 0:02:51]} Nd5
{[%clk 0:02:32]} 8. Nxd5 {[%clk 0:02:50]} exd5 {[%clk 0:02:32]} 9. Nf5
{[%clk 0:02:23]} Qa5+ {[%clk 0:01:31]} 10. c3 {[%clk 0:02:19]} d4
{[%clk 0:01:00]} 11. Nxd4 {[%clk 0:02:09]} Nxe5 {[%clk 0:00:57]} 12. Be2
{[%clk 0:01:33]} d6 {[%clk 0:00:41]} 13. O-O {[%clk 0:01:33]} Be7
{[%clk 0:00:42]} 14. Qc2 {[%clk 0:01:23]} O-O {[%clk 0:00:35]} 15. Rfe1
{[%clk 0:01:17]} Bf6 {[%clk 0:00:23]} 16. Bf3 {[%clk 0:00:41]} Nxf3+
{[%clk 0:00:05]} 17. Nxf3 {[%clk 0:00:42]} Bf5 {[%clk 0:00:06]} 18. Qd2
{[%clk 0:00:41]} Rad8 {[%clk 0:00:03]} 19. Bg5 {[%clk 0:00:42]} Bxg5
{[%clk 0:00:03]} 20. Qxg5 {[%clk 0:00:43]} g6 {[%clk 0:00:00]} 21. Nd4
{[%clk 0:00:43]} Qd5 {[%clk 0:00:00]} 1-0

[Event "Team Championship (men blitz)"]
[Site "Sochi"]
[Date "2017.10.05"]
[Round "1.17"]
[White "Khismatullin, Denis"]
[Black "Tekeyev, Zaur"]
[Result "0-1"]
[LiveChessVersion "1.4.8"]
[BlackElo "2413"]
[WhiteElo "2660"]

1. Nf3 {[%clk 0:03:03]} Nf6 {[%clk 0:03:03]} 2. g3 {[%clk 0:03:03]} g6
{[%clk 0:03:04]} 3. b3 {[%clk 0:03:05]} Bg7 {[%clk 0:03:05]} 4. Bb2
{[%clk 0:03:06]} d6 {[%clk 0:03:04]} 5. Bg2 {[%clk 0:03:07]} c5 {[%clk 0:02:52]}
6. O-O {[%clk 0:03:04]} e5 {[%clk 0:02:48]} 7. c4 {[%clk 0:03:01]} O-O
{[%clk 0:02:47]} 8. Nc3 {[%clk 0:03:01]} Nc6 {[%clk 0:02:48]} 9. e3
{[%clk 0:03:01]} Re8 {[%clk 0:02:41]} 10. d4 {[%clk 0:02:31]} e4 {[%clk 0:02:35]}
11. Ng5 {[%clk 0:02:23]} Bf5 {[%clk 0:02:34]} 12. Nh3 {[%clk 0:01:27]} cxd4
{[%clk 0:02:02]} 13. exd4 {[%clk 0:01:27]} d5 {[%clk 0:02:02]} 14. Ne2
{[%clk 0:00:30]} Nb4 {[%clk 0:01:46]} 15. Qd2 {[%clk 0:00:26]} Nd3
{[%clk 0:01:45]} 16. Bc3 {[%clk 0:00:27]} Qd7 {[%clk 0:01:28]} 17. Nhf4
{[%clk 0:00:26]} Rac8 {[%clk 0:01:03]} 18. Nxd3 {[%clk 0:00:12]} exd3
{[%clk 0:01:04]} 19. Nf4 {[%clk 0:00:13]} dxc4 {[%clk 0:00:59]} 20. bxc4
{[%clk 0:00:11]} Ne4 {[%clk 0:00:51]} 21. Bxe4 {[%clk 0:00:09]} Bxe4
{[%clk 0:00:52]} 22. d5 {[%clk 0:00:06]} Rxc4 {[%clk 0:00:46]} 23. Bxg7
{[%clk 0:00:07]} Kxg7 {[%clk 0:00:47]} 24. Rfe1 {[%clk 0:00:08]} Rec8
{[%clk 0:00:33]} 25. Rad1 {[%clk 0:00:07]} Bf3 {[%clk 0:00:28]} 26. Rc1
{[%clk 0:00:06]} Rc2 {[%clk 0:00:19]} 27. Rxc2 dxc2 {[%clk 0:00:17]} 28. Rc1
{[%clk 0:00:06]} g5 {[%clk 0:00:13]} 29. Qd4+ {[%clk 0:00:05]} Kg8
{[%clk 0:00:13]} 30. Nd3 {[%clk 0:00:04]} Qxd5 {[%clk 0:00:10]} 31. Qe3
{[%clk 0:00:04]} Bh1 {[%clk 0:00:08]} 32. Ne1 {[%clk 0:00:04]} Be4
{[%clk 0:00:08]} 33. f3 {[%clk 0:00:05]} Bg6 {[%clk 0:00:09]} 34. Kf2
{[%clk 0:00:05]} Rd8 {[%clk 0:00:10]} 35. Ke2 {[%clk 0:00:06]} Qd1+
{[%clk 0:00:11]} 36. Kf2 {[%clk 0:00:06]} Qd2+ {[%clk 0:00:12]} 37. Qxd2
{[%clk 0:00:07]} Rxd2+ {[%clk 0:00:13]} 38. Ke3 {[%clk 0:00:08]} Rxh2
{[%clk 0:00:14]} 39. g4 {[%clk 0:00:09]} f5 {[%clk 0:00:15]} 40. gxf5
{[%clk 0:00:07]} Bxf5 {[%clk 0:00:16]} 41. Kd4 {[%clk 0:00:04]} h5
{[%clk 0:00:17]} 42. Ke5 {[%clk 0:00:04]} Bg6 {[%clk 0:00:10]} 43. Kf6
{[%clk 0:00:05]} Kh7 {[%clk 0:00:11]} 44. Kxg5 {[%clk 0:00:05]} Rd2
{[%clk 0:00:11]} 45. Nxc2 {[%clk 0:00:03]} Rxc2 {[%clk 0:00:11]} 46. Re1
{[%clk 0:00:03]} Rc5+ {[%clk 0:00:12]} 47. Kh4 {[%clk 0:00:04]} Rc7
{[%clk 0:00:11]} 48. Re6 {[%clk 0:00:03]} Kg7 {[%clk 0:00:10]} 49. Kg5
{[%clk 0:00:03]} Rc5+ {[%clk 0:00:11]} 50. Kh4 {[%clk 0:00:04]} Kf7
{[%clk 0:00:11]} 51. Re3 {[%clk 0:00:05]} Kf6 {[%clk 0:00:12]} 52. a3
{[%clk 0:00:06]} Rc4+ {[%clk 0:00:13]} 53. Kg3 {[%clk 0:00:07]} h4+
{[%clk 0:00:14]} 54. Kh2 {[%clk 0:00:07]} Bf5 {[%clk 0:00:14]} 55. Re2
{[%clk 0:00:08]} Rc3 {[%clk 0:00:15]} 0-1

[Event "Team Championship (men blitz)"]
[Site "Sochi"]
[Date "2017.10.05"]
[Round "1.18"]
[White "Nechaev, Oleg"]
[Black "Pridorozhni, Aleksei"]
[Result "0-1"]
[LiveChessVersion "1.4.8"]
[BlackElo "2671"]
[WhiteElo "2284"]

1. c4 {[%clk 0:03:01]} e5 {[%clk 0:03:01]} 2. Nc3 {[%clk 0:02:59]} Bb4
{[%clk 0:03:00]} 3. g3 {[%clk 0:02:59]} Nf6 {[%clk 0:02:56]} 4. Bg2
{[%clk 0:03:00]} O-O {[%clk 0:02:55]} 5. Nf3 {[%clk 0:03:00]} Re8
{[%clk 0:02:43]} 6. O-O {[%clk 0:02:59]} c6 {[%clk 0:02:28]} 7. Ne1
{[%clk 0:02:20]} d5 {[%clk 0:02:14]} 8. cxd5 {[%clk 0:02:19]} cxd5
{[%clk 0:02:14]} 9. Nc2 Bf8 10. d4 {[%clk 0:02:19]} e4 {[%clk 0:02:08]} 11. Bg5
{[%clk 0:02:19]} Be6 {[%clk 0:02:05]} 12. Ne3 {[%clk 0:02:18]} Qd7
{[%clk 0:01:45]} 13. Bxf6 {[%clk 0:02:17]} gxf6 {[%clk 0:01:46]} 14. Qb3
{[%clk 0:01:47]} Rd8 {[%clk 0:01:46]} 15. f3 {[%clk 0:01:27]} Bh6
{[%clk 0:01:44]} 16. f4 {[%clk 0:01:28]} f5 {[%clk 0:01:44]} 17. g4
{[%clk 0:00:56]} fxg4 {[%clk 0:01:35]} 18. Kh1 {[%clk 0:00:09]} Nc6
{[%clk 0:01:31]} 19. Rad1 {[%clk 0:00:10]} Kh8 {[%clk 0:01:12]} 20. a3
{[%clk 0:00:08]} Rac8 {[%clk 0:01:11]} 21. Na4 {[%clk 0:00:07]} b6
{[%clk 0:01:11]} 22. Nc3 {[%clk 0:00:08]} Ne7 {[%clk 0:00:54]} 23. Rf2
{[%clk 0:00:08]} f5 {[%clk 0:00:53]} 24. h3 {[%clk 0:00:05]} gxh3
{[%clk 0:00:51]} 25. Bxh3 {[%clk 0:00:06]} Rg8 {[%clk 0:00:51]} 26. Rg1 0-1

[Event "Team Championship (men blitz)"]
[Site "Sochi"]
[Date "2017.10.05"]
[Round "1.19"]
[White "Iljiushenok, Ilia"]
[Black "Rozhko, Dmitry"]
[Result "1-0"]
[LiveChessVersion "1.4.8"]
[BlackElo "2261"]
[WhiteElo "2409"]

1. e4 {[%clk 0:03:03]} e6 {[%clk 0:03:04]} 2. d4 {[%clk 0:03:03]} d5
{[%clk 0:03:04]} 3. e5 {[%clk 0:03:04]} c5 {[%clk 0:03:05]} 4. c3
{[%clk 0:03:05]} Qb6 {[%clk 0:03:06]} 5. Nf3 {[%clk 0:03:06]} Bd7
{[%clk 0:03:07]} 6. a3 {[%clk 0:03:08]} Nc6 {[%clk 0:03:07]} 7. b4
{[%clk 0:03:02]} cxd4 {[%clk 0:03:08]} 8. cxd4 {[%clk 0:03:04]} Rc8
{[%clk 0:03:09]} 9. Be3 {[%clk 0:03:02]} Nh6 {[%clk 0:03:09]} 10. Bd3
{[%clk 0:03:01]} Ng4 {[%clk 0:03:10]} 11. O-O {[%clk 0:03:00]} Be7
{[%clk 0:03:07]} 12. Nbd2 {[%clk 0:03:01]} Nxe3 {[%clk 0:03:02]} 13. fxe3
{[%clk 0:03:01]} O-O {[%clk 0:03:02]} 14. Nb3 {[%clk 0:03:03]} Qd8
{[%clk 0:02:34]} 15. Nc5 {[%clk 0:03:02]} b6 {[%clk 0:02:32]} 16. Nxd7
{[%clk 0:03:03]} Qxd7 {[%clk 0:02:33]} 17. Rc1 {[%clk 0:03:04]} Nb8
{[%clk 0:02:22]} 18. Rc2 {[%clk 0:02:24]} h6 {[%clk 0:02:12]} 19. h4
{[%clk 0:02:08]} a5 {[%clk 0:02:08]} 20. bxa5 {[%clk 0:02:05]} bxa5
{[%clk 0:02:08]} 21. a4 {[%clk 0:02:07]} Rxc2 {[%clk 0:01:45]} 22. Bxc2
{[%clk 0:02:08]} f5 {[%clk 0:01:04]} 23. exf6 {[%clk 0:02:08]} Rxf6
{[%clk 0:00:59]} 24. Ne5 {[%clk 0:02:00]} Rxf1+ {[%clk 0:00:57]} 25. Qxf1
{[%clk 0:02:01]} Qe8 {[%clk 0:00:46]} 26. Bg6 {[%clk 0:02:01]} Qf8
{[%clk 0:00:19]} 27. Bf7+ {[%clk 0:02:02]} Kh7 {[%clk 0:00:21]} 28. Qd3+
{[%clk 0:01:59]} g6 {[%clk 0:00:18]} 29. Qxg6+ {[%clk 0:02:00]} Kh8
{[%clk 0:00:20]} 30. Bxe6 {[%clk 0:01:49]} 1-0

[Event "Team Championship (men blitz)"]
[Site "Sochi"]
[Date "2017.10.05"]
[Round "1.20"]
[White "Zaichikov, Andrey"]
[Black "Kabanov, Nikolai"]
[Result "0-1"]
[LiveChessVersion "1.4.8"]
[BlackElo "2380"]
[WhiteElo "1941"]

1. e4 {[%clk 0:03:02]} c5 {[%clk 0:03:03]} 2. Nf3 {[%clk 0:03:04]} e6
{[%clk 0:03:04]} 3. d3 {[%clk 0:03:05]} Nc6 4. g3 g6 {[%clk 0:03:06]} 5. Bg2
{[%clk 0:03:08]} Bg7 {[%clk 0:03:07]} 6. O-O {[%clk 0:03:08]} Nge7
{[%clk 0:03:08]} 7. c3 {[%clk 0:03:06]} e5 {[%clk 0:03:08]} 8. a3
{[%clk 0:03:06]} O-O {[%clk 0:03:04]} 9. b4 {[%clk 0:03:06]} b6 {[%clk 0:02:58]}
10. Re1 {[%clk 0:03:04]} d6 {[%clk 0:02:56]} 11. Nbd2 {[%clk 0:03:03]} h6
{[%clk 0:02:56]} 12. Bb2 {[%clk 0:03:03]} Rb8 {[%clk 0:02:52]} 13. Nc4
{[%clk 0:03:01]} f5 {[%clk 0:02:40]} 14. b5 {[%clk 0:03:02]} Na5 {[%clk 0:02:37]}
15. Nxa5 {[%clk 0:03:02]} bxa5 {[%clk 0:02:38]} 16. a4 {[%clk 0:02:57]} f4
{[%clk 0:02:30]} 17. d4 {[%clk 0:02:57]} Qc7 {[%clk 0:02:18]} 18. Qb3+
{[%clk 0:02:03]} c4 {[%clk 0:02:12]} 19. Qc2 {[%clk 0:01:57]} g5 {[%clk 0:02:06]}
20. Nd2 {[%clk 0:01:35]} Be6 {[%clk 0:01:31]} 21. Bf1 {[%clk 0:01:29]} Ng6
{[%clk 0:01:10]} 22. d5 {[%clk 0:01:27]} Bd7 {[%clk 0:01:09]} 23. Nxc4
{[%clk 0:01:25]} Rf6 {[%clk 0:00:43]} 24. Ba3 {[%clk 0:01:19]} Rbf8
{[%clk 0:00:39]} 25. Nxd6 {[%clk 0:01:01]} Rxd6 {[%clk 0:00:39]} 26. c4
{[%clk 0:00:56]} Rc8 {[%clk 0:00:35]} 27. Bxd6 {[%clk 0:00:46]} Qxd6
{[%clk 0:00:35]} 28. Qd2 {[%clk 0:00:41]} Qb6 {[%clk 0:00:33]} 29. Rac1
{[%clk 0:00:36]} Bf8 {[%clk 0:00:33]} 30. Red1 {[%clk 0:00:31]} Bc5
{[%clk 0:00:33]} 31. Bg2 {[%clk 0:00:14]} Kg7 {[%clk 0:00:34]} 32. Bf3
{[%clk 0:00:15]} Bd4 {[%clk 0:00:32]} 33. Qe1 {[%clk 0:00:07]} Bh3
{[%clk 0:00:26]} 34. Rxd4 {[%clk 0:00:04]} Qxd4 {[%clk 0:00:25]} 35. Qxa5
{[%clk 0:00:05]} g4 {[%clk 0:00:15]} 36. Rd1 {[%clk 0:00:05]} Qb6
{[%clk 0:00:14]} 37. Qxb6 {[%clk 0:00:06]} axb6 {[%clk 0:00:15]} 38. Be2
{[%clk 0:00:07]} Nf8 {[%clk 0:00:07]} 39. d6 {[%clk 0:00:08]} Nd7
{[%clk 0:00:08]} 40. Rd5 {[%clk 0:00:07]} Kf6 {[%clk 0:00:09]} 41. a5
{[%clk 0:00:06]} 0-1

[Event "Team Championship (men blitz)"]
[Site "Sochi"]
[Date "2017.10.05"]
[Round "1.21"]
[White "Nazaretyan, Tigran"]
[Black "Grachev, Boris"]
[Result "0-1"]
[LiveChessVersion "1.4.8"]
[BlackElo "2625"]
[WhiteElo "2335"]

1. d4 {[%clk 0:03:03]} d5 {[%clk 0:03:02]} 2. c4 {[%clk 0:03:03]} e6
{[%clk 0:03:03]} 3. Nf3 {[%clk 0:03:03]} Nf6 {[%clk 0:03:04]} 4. Nc3
{[%clk 0:03:03]} dxc4 {[%clk 0:03:04]} 5. e3 {[%clk 0:03:01]} a6 {[%clk 0:03:05]}
6. a4 {[%clk 0:02:58]} b6 {[%clk 0:03:06]} 7. Bxc4 {[%clk 0:02:58]} Bb7
{[%clk 0:03:08]} 8. O-O {[%clk 0:02:54]} Bb4 {[%clk 0:03:08]} 9. Qe2
{[%clk 0:02:49]} O-O {[%clk 0:03:06]} 10. Rd1 {[%clk 0:02:45]} Qe7
{[%clk 0:03:04]} 11. Bd2 {[%clk 0:02:40]} Nbd7 {[%clk 0:02:54]} 12. Rac1
{[%clk 0:02:17]} c5 {[%clk 0:02:42]} 13. Nb1 {[%clk 0:02:05]} Bxd2
{[%clk 0:02:18]} 14. Nbxd2 {[%clk 0:02:05]} Rfd8 {[%clk 0:02:07]} 15. h3
{[%clk 0:02:05]} h6 {[%clk 0:01:55]} 16. e4 {[%clk 0:01:43]} cxd4
{[%clk 0:01:47]} 17. Nxd4 {[%clk 0:01:25]} Ne5 {[%clk 0:01:46]} 18. N4f3
{[%clk 0:00:57]} Nxf3+ {[%clk 0:01:46]} 19. Qxf3 {[%clk 0:00:58]} Qb4
{[%clk 0:01:40]} 20. Qe3 {[%clk 0:00:27]} Rac8 {[%clk 0:01:09]} 21. b3
{[%clk 0:00:25]} b5 {[%clk 0:01:10]} 22. axb5 {[%clk 0:00:26]} axb5
{[%clk 0:01:11]} 23. Qb6 {[%clk 0:00:15]} Rxd2 {[%clk 0:01:09]} 24. Qxb7
{[%clk 0:00:16]} Rcd8 {[%clk 0:01:10]} 25. Re1 {[%clk 0:00:11]} Qc5
{[%clk 0:01:05]} 26. Re3 {[%clk 0:00:09]} bxc4 {[%clk 0:01:00]} 27. Rxc4
{[%clk 0:00:11]} Qe5 {[%clk 0:00:54]} 28. Qc7 {[%clk 0:00:07]} Rd1+
{[%clk 0:00:53]} 0-1

[Event "Team Championship (men blitz)"]
[Site "Sochi"]
[Date "2017.10.05"]
[Round "1.22"]
[White "Potkin, Vladimir"]
[Black "Tenikashvili, Georgij"]
[Result "1-0"]
[LiveChessVersion "1.4.8"]
[BlackElo "2158"]
[WhiteElo "2497"]

1. Nf3 {[%clk 0:03:03]} d5 {[%clk 0:03:03]} 2. e3 {[%clk 0:03:04]} Nf6
{[%clk 0:03:02]} 3. c4 {[%clk 0:03:04]} dxc4 {[%clk 0:02:50]} 4. Bxc4
{[%clk 0:03:04]} e6 {[%clk 0:02:51]} 5. O-O {[%clk 0:03:02]} c5 {[%clk 0:02:46]}
6. b3 {[%clk 0:02:56]} Nc6 {[%clk 0:02:42]} 7. Bb2 {[%clk 0:02:56]} Be7
{[%clk 0:02:42]} 8. d4 {[%clk 0:02:52]} O-O {[%clk 0:02:08]} 9. Nbd2
{[%clk 0:02:53]} a6 {[%clk 0:02:08]} 10. Rc1 {[%clk 0:02:52]} cxd4
{[%clk 0:01:26]} 11. Nxd4 {[%clk 0:02:52]} Nxd4 {[%clk 0:01:26]} 12. Bxd4
{[%clk 0:02:53]} b5 {[%clk 0:01:27]} 13. Be2 {[%clk 0:02:48]} Bb7
{[%clk 0:01:28]} 14. a4 {[%clk 0:02:11]} bxa4 {[%clk 0:01:21]} 15. bxa4
{[%clk 0:02:11]} Rc8 {[%clk 0:01:17]} 16. Nc4 {[%clk 0:01:49]} Be4
{[%clk 0:00:54]} 17. a5 {[%clk 0:01:20]} h6 {[%clk 0:00:34]} 18. Qa4
{[%clk 0:01:15]} Bc6 {[%clk 0:00:31]} 19. Qa1 {[%clk 0:01:15]} Bb5
{[%clk 0:00:31]} 20. Rfe1 {[%clk 0:01:08]} Bb4 {[%clk 0:00:24]} 21. Red1
{[%clk 0:01:01]} Qe7 {[%clk 0:00:23]} 22. Bf1 {[%clk 0:00:55]} Rfd8
{[%clk 0:00:24]} 23. h3 {[%clk 0:00:50]} Ne8 {[%clk 0:00:19]} 24. Nb6
{[%clk 0:00:48]} Rxc1 {[%clk 0:00:20]} 25. Rxc1 {[%clk 0:00:48]} Bxf1
{[%clk 0:00:18]} 26. Kxf1 {[%clk 0:00:49]} f6 {[%clk 0:00:15]} 27. Qa2
{[%clk 0:00:47]} Kh8 {[%clk 0:00:16]} 28. g3 {[%clk 0:00:22]} e5 {[%clk 0:00:17]}
29. Ba1 {[%clk 0:00:21]} Nd6 {[%clk 0:00:12]} 30. Kg1 {[%clk 0:00:22]} Ne4
{[%clk 0:00:12]} 31. Qc4 {[%clk 0:00:21]} Nd2 {[%clk 0:00:10]} 32. Qc2
{[%clk 0:00:16]} Bxa5 {[%clk 0:00:11]} 33. Na4 {[%clk 0:00:14]} e4
{[%clk 0:00:10]} 34. Nc5 {[%clk 0:00:13]} Nf3+ {[%clk 0:00:11]} 35. Kg2
{[%clk 0:00:15]} Rd2 {[%clk 0:00:11]} 36. Qxe4 {[%clk 0:00:15]} Ne5
{[%clk 0:00:09]} 37. Bxe5 {[%clk 0:00:16]} Qxe5 {[%clk 0:00:10]} 38. Qxe5
{[%clk 0:00:17]} fxe5 {[%clk 0:00:11]} 39. Nxa6 {[%clk 0:00:17]} e4
{[%clk 0:00:09]} 40. Rc4 {[%clk 0:00:14]} Ra2 {[%clk 0:00:08]} 41. Nc5
{[%clk 0:00:11]} Be1 {[%clk 0:00:08]} 42. Nxe4 {[%clk 0:00:12]} Kg8
{[%clk 0:00:08]} 43. h4 {[%clk 0:00:13]} Kf7 {[%clk 0:00:08]} 44. h5
{[%clk 0:00:15]} Ra5 {[%clk 0:00:09]} 45. g4 {[%clk 0:00:16]} Re5
{[%clk 0:00:09]} 46. Kf3 {[%clk 0:00:16]} Ba5 {[%clk 0:00:10]} 47. Rc6
{[%clk 0:00:17]} Rd5 {[%clk 0:00:09]} 48. Ra6 {[%clk 0:00:17]} Bb4
{[%clk 0:00:10]} 49. Ra7+ {[%clk 0:00:18]} Kf8 {[%clk 0:00:10]} 50. Ng3
{[%clk 0:00:18]} Bd6 {[%clk 0:00:10]} 51. Nf5 {[%clk 0:00:19]} Be5
{[%clk 0:00:11]} 52. Ke4 {[%clk 0:00:20]} Rb5 {[%clk 0:00:11]} 53. f4
{[%clk 0:00:21]} Bf6 {[%clk 0:00:12]} 54. Kf3 {[%clk 0:00:21]} Rb3
{[%clk 0:00:13]} 55. Rd7 {[%clk 0:00:21]} Ra3 {[%clk 0:00:13]} 56. Rc7
{[%clk 0:00:19]} Rb3 {[%clk 0:00:14]} 57. Rc4 {[%clk 0:00:20]} Ra3
{[%clk 0:00:14]} 58. Nd6 {[%clk 0:00:21]} Rd3 {[%clk 0:00:13]} 59. Ne4
{[%clk 0:00:22]} Be7 {[%clk 0:00:14]} 60. g5 {[%clk 0:00:20]} hxg5
{[%clk 0:00:13]} 61. fxg5 {[%clk 0:00:22]} Rd5 {[%clk 0:00:14]} 62. Kf4
{[%clk 0:00:23]} Rd1 {[%clk 0:00:15]} 63. g6 {[%clk 0:00:21]} Rf1+
{[%clk 0:00:14]} 64. Ke5 {[%clk 0:00:21]} Bh4 {[%clk 0:00:13]} 65. Rc8+
{[%clk 0:00:21]} Ke7 {[%clk 0:00:14]} 66. Rg8 {[%clk 0:00:17]} Bf6+
{[%clk 0:00:10]} 67. Nxf6 {[%clk 0:00:18]} gxf6+ {[%clk 0:00:11]} 68. Kd4
{[%clk 0:00:18]} Rh1 {[%clk 0:00:10]} 69. Rh8 {[%clk 0:00:17]} Rg1
{[%clk 0:00:04]} 70. h6 {[%clk 0:00:16]} Rxg6 {[%clk 0:00:04]} 71. h7
{[%clk 0:00:17]} Rh6 {[%clk 0:00:04]} 72. Ra8 {[%clk 0:00:18]} Ke6
{[%clk 0:00:05]} 73. Ke4 Kd5+ 1-0

[Event "Team Championship (men blitz)"]
[Site "Sochi"]
[Date "2017.10.05"]
[Round "1.23"]
[White "Basiev, Valeriy P."]
[Black "Popov, Ivan"]
[Result "0-1"]
[LiveChessVersion "1.4.8"]
[BlackElo "2607"]
[WhiteElo "2109"]

1. d4 {[%clk 0:03:02]} Nf6 {[%clk 0:03:03]} 2. c4 {[%clk 0:03:03]} e6
{[%clk 0:03:04]} 3. Nc3 {[%clk 0:03:04]} Bb4 {[%clk 0:03:05]} 4. Qc2
{[%clk 0:03:05]} O-O {[%clk 0:03:05]} 5. a3 {[%clk 0:03:06]} Bxc3+
{[%clk 0:03:06]} 6. Qxc3 {[%clk 0:03:07]} d6 {[%clk 0:03:03]} 7. Bg5
{[%clk 0:02:42]} Qe7 {[%clk 0:02:51]} 8. e3 {[%clk 0:02:22]} e5 {[%clk 0:02:48]}
9. dxe5 {[%clk 0:01:58]} dxe5 {[%clk 0:02:48]} 10. Nf3 {[%clk 0:01:59]} Nc6
{[%clk 0:02:43]} 11. Be2 {[%clk 0:01:54]} a5 {[%clk 0:02:29]} 12. b3
{[%clk 0:01:34]} h6 {[%clk 0:02:21]} 13. Bh4 {[%clk 0:01:35]} Bf5
{[%clk 0:02:09]} 14. O-O {[%clk 0:01:33]} g5 {[%clk 0:02:04]} 15. Bg3
{[%clk 0:01:35]} Ne4 {[%clk 0:02:05]} 16. Qb2 {[%clk 0:01:32]} f6
{[%clk 0:01:58]} 17. Rfd1 {[%clk 0:01:23]} h5 {[%clk 0:01:55]} 18. h4
{[%clk 0:01:13]} g4 {[%clk 0:01:47]} 19. Nd2 {[%clk 0:00:52]} Nxg3
{[%clk 0:01:38]} 20. fxg3 {[%clk 0:00:53]} Rad8 {[%clk 0:01:35]} 21. Nf1
{[%clk 0:00:47]} Qc5 {[%clk 0:01:18]} 22. Rd5 {[%clk 0:00:30]} Rxd5
{[%clk 0:01:05]} 23. cxd5 {[%clk 0:00:31]} Ne7 {[%clk 0:01:06]} 24. Rc1
{[%clk 0:00:27]} Qd6 {[%clk 0:01:07]} 25. Bc4 {[%clk 0:00:09]} Kg7
{[%clk 0:00:56]} 26. b4 {[%clk 0:00:09]} axb4 {[%clk 0:00:51]} 27. axb4
{[%clk 0:00:05]} Be4 {[%clk 0:00:46]} 28. Rd1 {[%clk 0:00:04]} Rd8
{[%clk 0:00:41]} 29. Qc3 {[%clk 0:00:03]} Nxd5 {[%clk 0:00:37]} 30. Bxd5
{[%clk 0:00:00]} Bxd5 {[%clk 0:00:37]} 0-1